| Tag |
First Indicator |
Second Indicator |
Subfields |
| LEADER |
00000cam a2200000 4500 |
| 001 |
in00001935239 |
| 006 |
m | d | |
| 007 |
cr |n||||||||n |
| 008 |
791208s1723 enk|||| s 00||||eng d |
| 005 |
20260414162246.7 |
| 035 |
|
|
|a (CStRLIN)ESTCT75401
|
| 040 |
|
|
|a Uk-ES
|c Uk-ES
|d CStRLIN
|d Thomson Gale
|d UtOrBLW
|
| 100 |
1 |
|
|a Haywood, Eliza Fowler,
|d 1693?-1756.
|
| 245 |
1 |
4 |
|a The injur'd husband :
|b or, the mistaken resentment. A novel. Written by Mrs. Eliza Haywood.
|
| 250 |
|
|
|a The second edition.
|
| 264 |
|
3 |
|a London :
|b printed for D. Brown, jun.; W. Chetwood, and J. Woodman; and S. Chapman,
|c 1723.
|
| 300 |
|
|
|a 6 unnumbered pages, 172p. ;
|c 8⁰.
|
| 336 |
|
|
|a text
|b txt
|2 rdacontent
|
| 337 |
|
|
|a computer
|b c
|2 rdamedia
|
| 338 |
|
|
|a online resource
|b cr
|2 rdacarrier
|
| 500 |
|
|
|a A reissue of the original edition of the same year, with a slightly reset titlepage.
|
| 500 |
|
|
|a In: 'The works of Mrs. Eliza Haywood', London, 1724.
|
| 500 |
|
|
|a Reproduction of original from the British Library.
|
| 510 |
4 |
|
|a English Short Title Catalog,
|c ESTCT75401.
|
| 533 |
|
|
|a Electronic reproduction.
|b Farmington Hills, Mich. :
|c Thomson Gale,
|d 2003.
|n Available via the World Wide Web.
|n Access limited by licensing agreements
|7 s2003 miunns
|
| 500 |
|
|
|a Electronic resource.
|
| 830 |
|
0 |
|a Eighteenth century collections online.
|
| 856 |
4 |
0 |
|u http://proxy.library.tamu.edu/login?url=https://galenet.galegroup.com/servlet/ECCO?c=1&stp=Author&ste=11&af=BN&ae=T075401&tiPG=1&dd=0&dc=flc&docNum=CW117046095&vrsn=1.0&srchtp=a&d4=0.33&n=10&SU=0LRK&locID=txshracd2898
|z Full text online
|t 0
|
| 999 |
|
|
|a MARS
|
| 999 |
f |
f |
|s 2487d6d6-3cb5-369c-97ef-a1a3fc3f08f2
|i 84c29b49-a9d5-3574-946f-349004ed9452
|t 0
|
| 952 |
f |
f |
|a Texas A&M University
|b College Station
|c Electronic Resources
|s www_evans
|d Available Online
|t 0
|h No information provided
|
| 998 |
f |
f |
|t 0
|l Available Online
|